Statistics for Rhymes With Light

Click here to take the quiz!

General Stats

  • This quiz has been taken 364 times
    (301 since last reset)
  • The average score is 25 of 29

Answer Stats

HintAnswer% Correct
FFight
98%
KKite
98%
NNight
98%
MMight
97%
BBite
96%
BBright
96%
HHeight
96%
RRight
96%
RRight
96%
SSight
96%
TTight
96%
FFlight
94%
LLite
94%
SSlight
93%
QQuite
92%
FFright
91%
WWhite
90%
MMite
89%
BBlight
87%
PPlight
86%
SSite
81%
SSpite
77%
WWrite
77%
SSmite
69%
TTrite
69%
KKnight
67%
CCite
65%
SSprite
57%
BByte
43%

Score Distribution

Percentile by Number Answered

Percent of People with Each Score

Your Score History

You have not taken this quiz since the last reset